000 02197cam a22005174i 4500
003 PE-LiUPU
005 20250731165548.0
008 150625s r 000 0 d
035 _a(Sirsi) a34265
035 _a(Sirsi) a34265
040 _aPE-LiUPU
_bspa
_cPE-LiUPU
_erda
082 0 4 _a985.04
_bD
_221
100 1 _aDunbar Temple, Ella,
_eautor.
245 1 0 _aConspiraciones y rebeliones en el siglo XIX :
_nVolumen 2.
_bLa revolución de Huánuco Panatahuas y Huamalies de 1812 /
_cinvestigación, recopilación y prólogo por Ella Dunbar Temple; transcripción paleográfica por Sócrates Villar Córdova.
264 1 _aLima :
_bComisión Nacional del Sesquicentenario de la Independencia del Perú,
_c1971-1974.
300 _a797 páginas ;
_c24 centímetros.
336 _atext
_2rdacontent
337 _aunmediated
_2rdamedia
338 _avolume
_2rdacarrier
490 0 _aColección Documental de la Independencia del Perú ;
_v3
505 _aDocumentos sobre los sucesos de la insurrección de Huánuco, Panataguas y Huamalíes. Invasión de la ciudad de Huánuco, acciones bélicas y debelaciones del movimiento por el ejército pacificador al mando de don José Gonzáles de Prada.
526 _aSEG44
526 _aSEG26
526 _aP151
526 _aP150
526 _aP149
526 _aP146
526 _aP145
526 _aP126
526 _aP125
526 _aP92
526 _aP75
526 _aP74
526 _aP27
526 _aP15
650 0 4 _aRevolución de Huánuco, Panatahuas y Humalíes, 1812.
650 0 4 _aMovimientos sociales
_zPerú
_xHistoria
_ySiglo XIX.
651 _aPerú
_xHistoria
_yEmancipación, 1808-1824
_vFuentes.
700 1 _aTemple, Ella Dunbar,
_d1917-1998,
_erecop.
700 1 _aVillar Córdova, Sócrates1926-.
710 2 _a.Comisión Nacional del Sesquicentenario de la Independencia del Perú
942 _2ddc
_cBK
949 _aRC 985.04 D 3 / 2
_wDEWEY
_c1
_i16981
_lRC
_mBUL
_r0
_sY
_tBOOK
_u2015-6-25
_xBIBLIOTECA
_zUNKNOWN
_0COMPRA
_o.CIRCNOTE. No olvidar cambiar la fecha de devolución!!!!!!!
_o.STAFF. Colección General
999 _c42103
_d42103
980 _81
_gALBERTO SANCHEZ Responsable de Automatización